000 00355pab a2200145 454500
008 180718b2004 xxu||||| |||| 00| 0 eng d
100 _aDasgupta, Subhendu
245 _aBangladesh-India border cooperation
260 _c2004
300 _ap.65-66,74.
362 _a25 Dec, Annual
650 _aBorder disputes
773 _aMainstream
909 _a64171
999 _c64171
_d64171